00576 2200205 4500001002100000005001500021035002000036007000300056008004100059020002200100082001000122084001400132100004600146245006100192260004400253300003200297650001700329990001200346990001200358INLIS00000000000200220180525093103 a0010-0518000072ta180525 g 0 ind  a978-602-02-9164-2 a741.5 a741.5 KOM0 aKOMIKIN, AJAH! Kompilasi: PInter-Pinteran1 aKomikin Ajah! Kompilasi: Pinter-Pinteran /cKomikin Ajah aJakarta :bElex Media Komputindo,c2016 a117 hlm. :bilus. ;c15 cm. aKOMIK.BACAAN a16679 a a16679 b